000 00284nam a22001337a 4500
008 170628b xxu||||| |||| 00| 0 eng d
020 _a9780471573852
041 _aeng
080 _a05
100 _a21
101 _aGJL
245 _aDICHOY HECHO
_cDAWISON.L.M
942 _2udc
_cBK
999 _c19357
_d19357